League of Legends - Champions Bandle City - Statistiques

Statistiques générales
  • Ce quiz a été pris 150 fois
  • Le résultat moyen est 11 sur 16
Statistiques - réponses
Réponse % Correct
Tristana
100%
Teemo
93%
Lulu
90%
Rumble
85%
Heimerdinger
75%
Veigar
75%
Corki
74%
Kled
72%
Poppy
70%
Fizz
65%
Gnar
62%
Ziggs
61%
Vex
58%
Yuumi
58%
Amumu (Possiblement)
45%
Kennen
44%
Aucun quiz correspondant
Distribution des résultats
% des personnes avec chaque résultat
Percentile par nombre de réponses
Votre historique - résultats
Vous n’avez pas pris ce quiz